00823nam a2200181 i 450000100060000000300090000600500170001500700030003200800410003504000200007624502220009626000950031830000220041365000420043565000320047770000450050985200870055453818ES-MaACL20250809034227.0t|960709s1863 sp ||||1| spa d aCAM bspa cCAM00aColección legislativa hipotecaria y notarial b: que comprende todas las leyes, decretos, reales órdenes de la Dirección General del Registro de la Propiedad. nT.I / cpublicada por Manuel Fernández Martín. aMadrid : b[s.n.], c1863 (fimprenta notarial e hipotecaria de los Sres. Martinez y Bogo) a286 p. ; c25 cm. 4aHipotecas-zEspaña-vLegislación.04aDerecho notarial-zEspaña1 aFernández Martín, Manuel,d1864-1902 aES-MaACLjT-250-F-4 z.- Anotación manuscrita: Al Ateneo su socio Enrique Veelay